000 00649nam a22002177a 4500
003 UA-OsUOA
001 116622
007 ta
008 20160324b un ||||| |||| 00| 0 ukr d
100 _aСокур А.
090 _a82
_bС59
942 _cSA
040 _aUA-OsUOA
_bukr
_cUA-OsUOA
_dUA-OsUOA
245 _aПоезія художньої прози Василя Симоненка
300 _aС.54-57
955 _a0
041 _aukr
080 _a82
773 0 _w116619
_tУкраїнська мова і література в школі
_dК.
_d2015
_g6
650 7 _a82 Література. Літературознавство
_2UDC
999 _c402503
_d402503